| 000 | 00374cam a2200145 a 4500 | ||
|---|---|---|---|
| 020 | _a2802715208 | ||
| 040 | _cTZT | ||
| 082 | 0 | 0 | _a341 BRU 2001 A064 Or. |
| 245 | 0 | 0 | _aDictionnaire de droit international public / |
| 260 |
_aBruxelles : _bBruylant, _c2001. |
||
| 300 |
_axli, 1198 p. ; _c25 cm. |
||
| 650 | 0 | _aInternational law | |
| 700 | 1 | _aSalmon, Jean J. A. | |
| 942 | _cEK | ||
| 999 |
_c14091 _d14091 |
||